000
00274nam a22001337a 4500
003
SGT
082
_a
370
_b
H10J
100
_a
JAIN, KANIKA
245
_a
HINDI SHIKSHAN
260
_a
NEW DELHI
_b
J.B.T. PUB
_c
2010
300
_a
247
650
_a
EDUCATION
942
_2
ddc
_c
BK
_0
1
999
_c
11919
_d
11919